[Event "4NCL Division 1a"]
[Site "Daventry, ENG"]
[Date "2018.11.11"]
[Round "2.43"]
[White "Stork, Oliver"]
[Black "Dargan, Paul A G"]
[Result "1/2-1/2"]
[WhiteElo "2197"]
[BlackElo "2207"]
[PlyCount "95"]
[EventDate "2018.11.11"]
[WhiteTeam "Oxford 1"]
[BlackTeam "North East England"]

1. c4 e5 2. g3 Nc6 3. Bg2 f5 4. Nc3 Nf6 5. e3 d5 6. cxd5 Nb4 7. d3 Nfxd5 8.
Nxd5 Nxd5 9. Nf3 Bd6 10. O-O Qe7 11. e4 fxe4 12. Ng5 Nf6 13. Nxe4 Nxe4 14. Bxe4
c6 15. d4 O-O 16. Qh5 g6 17. Bxg6 hxg6 18. Qxg6+ Kh8 19. Qh6+ Kg8 20. Qg6+ Kh8
21. dxe5 Qxe5 22. Qh6+ Kg8 23. Qg6+ Kh8 24. Bd2 Rf6 25. Qd3 Qf5 26. Qd4 Be5 27.
Qb4 a5 28. Qb6 Qf3 29. Qd8+ Kg7 30. Qe7+ Kg6 31. Qe8+ Kh7 32. Qe7+ Rf7 33. Qh4+
Kg8 34. Rae1 Bf6 35. Re8+ Rf8 36. Qc4+ Kg7 37. Rxf8 Kxf8 38. Bh6+ Bg7 39. Qh4
Be6 40. Re1 Re8 41. Re4 Qd1+ 42. Kg2 Qd7 43. Rf4+ Kg8 44. Bxg7 Qd5+ 45. f3 Qd2+
46. Kg1 Qe1+ 47. Kg2 Qe2+ 48. Kg1 1/2-1/2

[Event "4NCL Division 1a"]
[Site "Daventry, ENG"]
[Date "2018.11.11"]
[Round "2.44"]
[White "Taylor, Adam A"]
[Black "Hansen, Hans-Peter"]
[Result "1-0"]
[WhiteElo "2222"]
[BlackElo "2192"]
[PlyCount "121"]
[EventDate "2018.11.11"]
[WhiteTeam "North East England"]
[BlackTeam "Oxford 1"]

1. Nf3 c5 2. g3 Nc6 3. Bg2 g6 4. O-O Bg7 5. e3 d5 6. d4 cxd4 7. exd4 Bg4 8. c3
Nf6 9. h3 Bf5 10. Bf4 O-O 11. Nbd2 Ne4 12. g4 Nxd2 13. Nxd2 Bd3 14. Re1 e6 15.
Bg3 Qb6 16. Re3 Ba6 17. Rb1 Rfe8 18. b4 Bc4 19. Nxc4 dxc4 20. Qe2 Nxd4 21. cxd4
Bxd4 22. Rf3 Rac8 23. Be5 Red8 24. Bxd4 Qxd4 25. Rc1 c3 26. Qc2 Qxb4 27. Rxc3
Rxc3 28. Qxc3 Rd1+ 29. Bf1 Qxc3 30. Rxc3 Ra1 31. Ra3 a6 32. Kg2 Kf8 33. Bd3 Rc1
34. Be4 Rc7 35. Rb3 b5 36. Ra3 Ra7 37. Bd3 Rd7 38. Be2 Rd6 39. Kf3 Ke7 40. Ke3
e5 41. Bf3 Rb6 42. g5 f5 43. gxf6+ Kxf6 44. Bg4 b4 45. Rd3 a5 46. Bd7 Ra6 47.
Ba4 Kf5 48. Rd7 h5 49. Rc7 Kg5 50. Rc4 Kf5 51. Rc6 Ra7 52. f3 Kg5 53. Rc4 Ra6
54. h4+ Kf5 55. Rc5 Kf6 56. Ke4 Rd6 57. Rc6 Rxc6 58. Bxc6 Ke6 59. f4 exf4 60.
Kxf4 Kf6 61. Ba4 1-0

[Event "4NCL Division 1a"]
[Site "Daventry, ENG"]
[Date "2018.11.11"]
[Round "2.45"]
[White "Mihov, Filip"]
[Black "Moreby, James"]
[Result "1/2-1/2"]
[WhiteElo "2154"]
[BlackElo "2252"]
[PlyCount "71"]
[EventDate "2018.11.11"]
[WhiteTeam "Oxford 1"]
[BlackTeam "North East England"]

1. d4 Nf6 2. c4 e6 3. Nc3 Bb4 4. e3 b6 5. Bd3 Bb7 6. Nge2 Bxg2 7. Rg1 Be4 8. a3
Bxc3+ 9. Nxc3 Bg6 10. e4 d6 11. Bg5 Nbd7 12. f4 e5 13. dxe5 dxe5 14. f5 Bh5 15.
Be2 Bxe2 16. Qxe2 c6 17. O-O-O Qe7 18. Bh4 Rg8 19. Qc2 O-O-O 20. Qa4 Kb7 21. b4
Rc8 22. Rd2 g6 23. c5 gxf5 24. Rgd1 Rc7 25. exf5 Rg4 26. Bxf6 Nxf6 27. cxb6
Kxb6 28. Qa5+ Kb7 29. b5 Rd4 30. Kb1 Qc5 31. bxc6+ Rxc6 32. Rb2+ Kc8 33. Qxc5
Rxc5 34. Rxd4 exd4 35. Nb5 Ne4 36. Nxd4 1/2-1/2

[Event "4NCL Division 1a"]
[Site "Daventry, ENG"]
[Date "2018.11.11"]
[Round "2.46"]
[White "Coathup, Roger H"]
[Black "Duggan, Christopher"]
[Result "1-0"]
[WhiteElo "2162"]
[BlackElo "2022"]
[PlyCount "127"]
[EventDate "2018.11.11"]
[WhiteTeam "North East England"]
[BlackTeam "Oxford 1"]

1. d4 g6 2. Nf3 Bg7 3. c4 c5 4. d5 d6 5. e4 Nf6 6. Nc3 O-O 7. Bd3 a6 8. a4 e5
9. dxe6 Bxe6 10. Ng5 Nc6 11. O-O Nd7 12. f4 Nb6 13. a5 Nc8 14. f5 Bd7 15. Nd5
Bd4+ 16. Kh1 N8e7 17. f6 Nxd5 18. exd5 Ne5 19. Ne4 Re8 20. Bg5 Bg4 21. Be2 Bxe2
22. Qxe2 Nxc4 23. Qxc4 Rxe4 24. Qd3 Qe8 25. Qg3 Qe5 26. Bf4 Qxf6 27. Bxd6 Qh4
28. Qb3 Rd8 29. Qxb7 f5 30. Bg3 Qf6 31. Rae1 Rde8 32. Rxe4 Rxe4 33. d6 Qd8 34.
d7 Re7 35. Qxa6 Qxd7 36. Qc4+ Kg7 37. b3 Qa7 38. a6 Re3 39. Bf4 Re7 40. h3 Kf6
41. Rd1 Re4 42. Bg3 h6 43. b4 g5 44. Be1 Qe7 45. Bc3 Be5 46. Bxe5+ Qxe5 47.
Qxc5 Qxc5 48. bxc5 Ra4 49. Rd6+ Ke5 50. Rxh6 Ra5 51. Rc6 Kf4 52. Kh2 g4 53.
hxg4 fxg4 54. Rf6+ Ke5 55. c6 Rxa6 56. c7 Ra8 57. Rc6 Rc8 58. Kg3 Kd5 59. Rc2
Ke4 60. Kxg4 Rg8+ 61. Kh5 Rc8 62. Kg6 Kd3 63. Rc6 Ke4 64. Kf6 1-0

[Event "4NCL Division 1a"]
[Site "Daventry, ENG"]
[Date "2018.11.11"]
[Round "2.47"]
[White "Pozimski, Szymon"]
[Black "Dunn, Andrew"]
[Result "1-0"]
[WhiteElo "1999"]
[BlackElo "2155"]
[PlyCount "123"]
[EventDate "2018.11.11"]
[WhiteTeam "Oxford 1"]
[BlackTeam "North East England"]

1. Nf3 d5 2. b3 Nf6 3. Bb2 Bg4 4. e3 Nbd7 5. Be2 e6 6. O-O h6 7. Ne5 Nxe5 8.
Bxe5 Bf5 9. d4 Nd7 10. Bg3 Be7 11. Nd2 Bf6 12. Nf3 O-O 13. Qd2 Re8 14. Rac1 c6
15. Rfd1 Be4 16. Qe1 Be7 17. Bd3 Nf6 18. Ne5 Ba3 19. Rb1 Bd6 20. Qe2 Bxd3 21.
Rxd3 Ne4 22. Nf3 Bxg3 23. hxg3 Qa5 24. c3 c5 25. Qb2 c4 26. b4 Qa4 27. Rdd1 b5
28. Nd2 Nd6 29. Ra1 Qa6 30. a4 bxa4 31. Qc2 a3 32. Nb1 Nb5 33. Nxa3 Nxa3 34.
Qb2 Qb5 35. Rxa3 e5 36. dxe5 Rxe5 37. Rda1 a6 38. Qd2 Qb6 39. Ra5 f6 40. Rxd5
Re6 41. Raa5 Rc8 42. Qd4 Qxd4 43. Rxd4 Rec6 44. Kf1 Kf8 45. Ke2 Ke7 46. Rad5
R8c7 47. e4 Rb7 48. Ke3 Rbc7 49. Ra5 Kf7 50. Rdd5 Ke6 51. Kd4 Ke7 52. Rac5 Rxc5
53. Rxc5 Rd7+ 54. Kxc4 Rd2 55. Rf5 g6 56. Rf3 Ke6 57. Kc5 Ke5 58. c4 Rb2 59. b5
axb5 60. cxb5 Rc2+ 61. Kb6 h5 62. Kb7 1-0

[Event "4NCL Division 1a"]
[Site "Daventry, ENG"]
[Date "2019.01.12"]
[Round "3.12"]
[White "Sadler, Matthew D"]
[Black "Eckersley-Waites, Tom"]
[Result "1-0"]
[WhiteElo "2693"]
[BlackElo "2302"]
[PlyCount "95"]
[EventDate "2019.01.12"]
[WhiteTeam "Guildford 1"]
[BlackTeam "Oxford 1"]

1. c4 e6 2. Nc3 d5 3. d4 c5 4. cxd5 exd5 5. Nf3 Nc6 6. g3 Nf6 7. Bg2 Be7 8. O-O
O-O 9. Bg5 c4 10. Qc2 Re8 11. Rfd1 h6 12. Bxf6 Bxf6 13. b3 Bg4 14. e3 Rc8 15.
h3 cxb3 16. axb3 Nb4 17. Qd2 Bxf3 18. Bxf3 a5 19. Rac1 Rc6 20. Kg2 g6 21. Na2
Nxa2 22. Qxa2 Qc7 23. Qa4 Ree6 24. Rxc6 bxc6 25. Rc1 Qb6 26. Bg4 Rd6 27. Bd7
Bxd4 28. Rxc6 Rxc6 29. Bxc6 Bxe3 30. fxe3 Qxe3 31. Qa2 Qc5 32. Ba8 Kg7 33. Qd2
d4 34. Bf3 f5 35. h4 Kf6 36. Qxh6 Qc2+ 37. Kh3 Qxb3 38. Qf8+ Qf7 39. Qd8+ Kg7
40. Qxa5 Qf6 41. Qc7+ Kh6 42. Qf4+ Kh7 43. Bd5 Qg7 44. Qd6 Kh6 45. Qd8 d3 46.
Be6 Qa1 47. Qf8+ Qg7 48. Qxg7+ 1-0

[Event "4NCL Division 1a"]
[Site "Daventry, ENG"]
[Date "2019.01.12"]
[Round "3.13"]
[White "Rose, Matthew"]
[Black "Jones, Gawain C B"]
[Result "0-1"]
[WhiteElo "2250"]
[BlackElo "2691"]
[PlyCount "128"]
[EventDate "2019.01.12"]
[WhiteTeam "Oxford 1"]
[BlackTeam "Guildford 1"]

1. e4 e5 2. Nf3 Nc6 3. Bc4 Bc5 4. c3 Nf6 5. d3 d6 6. a4 a6 7. O-O Ba7 8. Re1
Ng4 9. Re2 Qf6 10. Na3 Qg6 11. Nc2 O-O 12. Ne3 Nxe3 13. Bxe3 Bg4 14. Re1 Nd8
15. Bxa7 Rxa7 16. Kf1 Qh5 17. h3 Bxf3 18. Qxf3 Qxf3 19. gxf3 Ne6 20. Bxe6 fxe6
21. Ke2 Rf4 22. d4 exd4 23. cxd4 Rh4 24. Rh1 d5 25. Ke3 Ra8 26. Rag1 Rf8 27.
Rg4 Rh6 28. Rhg1 Rf7 29. R1g3 Rhf6 30. e5 Rf5 31. Rg5 Rxg5 32. Rxg5 Kf8 33. f4
g6 34. h4 Kg7 35. b4 Kh6 36. f3 Kg7 37. Rg2 Kf8 38. Rg1 Rf5 39. Rc1 Rf7 40. Rg1
c6 41. Rb1 Ke8 42. Rg1 Rf5 43. b5 axb5 44. axb5 cxb5 45. Rb1 Kd7 46. Rxb5 Kc7
47. Rc5+ Kb8 48. Rb5 Rf7 49. Rb6 Re7 50. h5 Ka7 51. Rd6 b6 52. hxg6 hxg6 53. f5
gxf5 54. Kf4 b5 55. Kg5 b4 56. Rc6 b3 57. Rc1 Rb7 58. Kf6 Rb6 59. Rb1 b2 60.
Rxb2 Rxb2 61. Kxe6 Kb7 62. Kxf5 Rd2 63. Ke6 Rxd4 64. Kd7 Rf4 0-1

[Event "4NCL Division 1a"]
[Site "Daventry, ENG"]
[Date "2019.01.12"]
[Round "3.14"]
[White "Edouard, Romain"]
[Black "Hansen, Hans-Peter"]
[Result "1-0"]
[WhiteElo "2643"]
[BlackElo "2173"]
[PlyCount "89"]
[EventDate "2019.01.12"]
[WhiteTeam "Guildford 1"]
[BlackTeam "Oxford 1"]

1. e4 c5 2. Nf3 g6 3. c3 d5 4. exd5 Qxd5 5. d4 Bg7 6. Na3 cxd4 7. Bc4 Qd8 8.
Nb5 a6 9. Nbxd4 Nf6 10. Qa4+ Nc6 11. Nxc6 bxc6 12. O-O O-O 13. Rd1 Qb6 14. Be3
Qb7 15. Qb3 Nd5 16. Bxd5 cxd5 17. Rxd5 Rb8 18. Qxb7 Rxb7 19. Rd2 Be6 20. Nd4
Bxd4 21. Bxd4 a5 22. b3 f6 23. Re1 Kf7 24. Rde2 Bf5 25. Bc5 Re8 26. f3 e5 27.
g4 Be6 28. g5 Rc8 29. b4 axb4 30. cxb4 Ra8 31. gxf6 Rxa2 32. Rxe5 Ra6 33. Be7
Rd7 34. Ra5 Rxa5 35. bxa5 Ra7 36. Ra1 g5 37. Bc5 Ra6 38. Bd4 Bc4 39. Rc1 Bd5
40. Rc7+ Kg6 41. Rg7+ Kh6 42. h4 Rxa5 43. hxg5+ Kh5 44. f7 Bxf7 45. Rxh7+ 1-0

[Event "4NCL Division 1a"]
[Site "Daventry, ENG"]
[Date "2019.01.12"]
[Round "3.16"]
[White "Le Roux, Jean-Pierre"]
[Black "Stork, Oliver"]
[Result "1-0"]
[WhiteElo "2533"]
[BlackElo "2187"]
[PlyCount "130"]
[EventDate "2019.01.12"]
[WhiteTeam "Guildford 1"]
[BlackTeam "Oxford 1"]

1. Nf3 Nf6 2. g3 d5 3. Bg2 e6 4. O-O Be7 5. d4 O-O 6. Nbd2 c5 7. b3 b6 8. Bb2
Bb7 9. c4 Nbd7 10. cxd5 exd5 11. Ne5 Rc8 12. Bh3 Rc7 13. Rc1 cxd4 14. Nxd7 Nxd7
15. Rxc7 Qxc7 16. Nf3 Nc5 17. Nxd4 Re8 18. b4 Ne4 19. Qa4 Qb8 20. Rc1 h5 21.
Rc7 Nf6 22. Rc2 Bd6 23. Nb5 Be5 24. Qxa7 Qxa7 25. Nxa7 Bxb2 26. Rxb2 Ra8 27.
Nb5 Ne4 28. f3 Ng5 29. Bf5 g6 30. Bd3 Ne6 31. Nd6 Bc6 32. Kf2 Kf8 33. Nb5 Ke7
34. Nc3 d4 35. Nb1 Nc7 36. Rc2 Kd6 37. Nd2 Bd5 38. Nc4+ Bxc4 39. Bxc4 Nd5 40.
Rd2 Nxb4 41. Bxf7 Kc5 42. h4 b5 43. Bb3 d3 44. Bf7 Ra6 45. a3 Rxa3 46. Bxg6 Kc4
47. exd3+ Nxd3+ 48. Ke2 Nc1+ 49. Kd1 Nb3 50. Bf7+ Kc3 51. Rc2+ Kd3 52. Bg6+ Ke3
53. Rc3+ Kf2 54. g4 b4 55. Rd3 Nc5 56. Rd5 hxg4 57. fxg4 Ne6 58. Bf5 Nf4 59.
Rd4 Ng2 60. h5 Ne3+ 61. Kd2 Nxf5 62. gxf5 Rf3 63. Rd5 b3 64. h6 b2 65. Kc2 Ke3
1-0

[Event "4NCL Division 1a"]
[Site "Daventry, ENG"]
[Date "2019.01.12"]
[Round "3.17"]
[White "Manley, Jon P"]
[Black "Hebden, Mark L"]
[Result "1/2-1/2"]
[WhiteElo "2166"]
[BlackElo "2435"]
[PlyCount "77"]
[EventDate "2019.01.12"]
[WhiteTeam "Oxford 1"]
[BlackTeam "Guildford 1"]

1. e4 e5 2. Nf3 Nc6 3. Nc3 Nf6 4. Bb5 Bd6 5. d3 h6 6. h3 a6 7. Ba4 b5 8. Bb3
Bc5 9. g4 d6 10. g5 hxg5 11. Nxg5 Rf8 12. Nd5 Nd4 13. Ne3 c6 14. c3 Nxb3 15.
axb3 d5 16. Qf3 d4 17. Nf5 Bxf5 18. Qxf5 Bd6 19. Nf3 Nd7 20. cxd4 exd4 21. e5
Bb4+ 22. Bd2 Nc5 23. O-O Bxd2 24. Nxd2 Qd7 25. Qxd7+ Kxd7 26. Nf3 Rh8 27. b4
Nxd3 28. Rfd1 Nxb2 29. Rxd4+ Ke7 30. Kg2 Nc4 31. Re1 a5 32. bxa5 Rxa5 33. Rg4
Raa8 34. Nd4 Kd7 35. e6+ fxe6 36. Rxe6 Rh7 37. Rgg6 Ra3 38. Rxc6 Raxh3 39. Nxb5
1/2-1/2

[Event "4NCL Division 1a"]
[Site "Daventry, ENG"]
[Date "2019.01.12"]
[Round "3.22"]
[White "Olson, Hamish"]
[Black "Tan, Justin"]
[Result "0-1"]
[WhiteElo "2282"]
[BlackElo "2502"]
[PlyCount "70"]
[EventDate "2019.01.12"]
[WhiteTeam "Alba"]
[BlackTeam "Wood Green"]

1. d4 g6 2. e4 Bg7 3. c3 d6 4. Nf3 Nf6 5. Nbd2 O-O 6. a4 c5 7. dxc5 dxc5 8. Be2
Nc6 9. O-O Be6 10. Re1 h6 11. Qc2 Na5 12. Ne5 Ne8 13. Nec4 Nd6 14. Rd1 Rc8 15.
b3 Qc7 16. Nxa5 Qxa5 17. Bb2 c4 18. b4 Qe5 19. Re1 g5 20. h3 Rfd8 21. Bf1 g4
22. hxg4 Bxg4 23. g3 h5 24. Be2 Bh6 25. Bxg4 hxg4 26. Nf1 Ne8 27. Rad1 Nf6 28.
Rd4 Qh5 29. Red1 Rxd4 30. Rxd4 e5 31. Rd6 Kg7 32. Rxf6 Kxf6 33. Qe2 Rh8 34. Nh2
Bc1 35. Nxg4+ Ke7 0-1

[Event "4NCL Division 1a"]
[Site "Daventry, ENG"]
[Date "2019.01.12"]
[Round "3.23"]
[White "Fernandez, Daniel Howard"]
[Black "McKay, Roderick M"]
[Result "1-0"]
[WhiteElo "2465"]
[BlackElo "2318"]
[PlyCount "135"]
[EventDate "2019.01.12"]
[WhiteTeam "Wood Green"]
[BlackTeam "Alba"]

1. Nf3 d6 2. e4 Nf6 3. Nc3 e5 4. d4 Nbd7 5. h3 c6 6. a4 Qa5 7. Bd3 Be7 8. O-O
O-O 9. Be3 Re8 10. Qd2 Bf8 11. dxe5 dxe5 12. Nd5 Qxd2 13. Nxf6+ gxf6 14. Nxd2
Nc5 15. Bc4 f5 16. f3 f4 17. Bf2 a5 18. Rfd1 Rd8 19. b3 Kg7 20. Be2 Be6 21. Nc4
f6 22. Nb6 Rab8 23. Bc4 Kf7 24. Kf1 Bxc4+ 25. Nxc4 Rxd1+ 26. Rxd1 b6 27. Nd6+
Ke6 28. Bxc5 bxc5 29. Nc4 Ra8 30. Ke2 Be7 31. Rg1 Bf8 32. g3 fxg3 33. Rxg3 Ra7
34. Rg8 Kf7 35. Rg1 Ke6 36. Kd3 Ra8 37. Kc3 Bh6 38. Rd1 Bf8 39. Ne3 Be7 40. Rg1
Bf8 41. Rg2 Rd8 42. Nc4 Ra8 43. h4 Bh6 44. Rg1 Rd8 45. Kb2 Ra8 46. Rd1 Bf8 47.
h5 Be7 48. Kc3 Ra7 49. Ne3 Rd7 50. Rxd7 Kxd7 51. Kc4 Ke6 52. c3 Kd7 53. Nc2 Kc7
54. Ne1 Bf8 55. Nd3 Kb6 56. f4 exf4 57. Nxf4 Be7 58. Ne6 Bd6 59. Kd3 Kb7 60. h6
Kb6 61. Ke2 Kb7 62. Kf3 Kc8 63. Kg4 Kd7 64. Kf5 Be7 65. Ng7 c4 66. bxc4 Kd6 67.
Ne8+ Kc5 68. Nxf6 1-0

[Event "4NCL Division 1a"]
[Site "Daventry, ENG"]
[Date "2019.01.12"]
[Round "3.24"]
[White "Sreeves, Clement"]
[Black "Haria, Ravi"]
[Result "0-1"]
[WhiteElo "2360"]
[BlackElo "2450"]
[PlyCount "68"]
[EventDate "2019.01.12"]
[WhiteTeam "Alba"]
[BlackTeam "Wood Green"]

1. e4 e6 2. d4 d5 3. Nc3 Bb4 4. e5 c5 5. a3 Ba5 6. b4 cxd4 7. Qg4 Kf8 8. Nb5
Bb6 9. Nf3 Nc6 10. Bf4 Nge7 11. Qh5 Ng6 12. Bg3 a6 13. Nd6 Bc7 14. Nxc8 Rxc8
15. Bd3 Kg8 16. O-O f6 17. Qh3 f5 18. Rae1 Qe7 19. Nh4 Nxh4 20. Bxh4 g5 21. Qg3
h6 22. f4 Bd8 23. fxg5 hxg5 24. Rf4 Qg7 25. Bxf5 exf5 26. Rxf5 Rxh4 27. e6 Be7
28. Rf7 Qg6 29. Qf3 Rf4 30. Rxf4 gxf4 31. Qxd5 Rf8 32. Kh1 Qf5 33. Qf3 Rf6 34.
g4 fxg3 0-1

[Event "4NCL Division 1a"]
[Site "Daventry, ENG"]
[Date "2019.01.12"]
[Round "3.26"]
[White "Berry, Neil"]
[Black "Houska, Jovanka"]
[Result "1/2-1/2"]
[WhiteElo "2258"]
[BlackElo "2423"]
[PlyCount "130"]
[EventDate "2019.01.12"]
[WhiteTeam "Alba"]
[BlackTeam "Wood Green"]

1. d4 d5 2. c4 e6 3. Nf3 Nf6 4. g3 Bb4+ 5. Bd2 Be7 6. Bg2 O-O 7. O-O Nbd7 8.
Qc2 c6 9. Bf4 Ne4 10. Nc3 g5 11. Be3 Nd6 12. cxd5 cxd5 13. Rad1 Bf6 14. Bc1 h6
15. e4 dxe4 16. Nxe4 Nxe4 17. Qxe4 Bg7 18. h4 Nf6 19. Qe2 gxh4 20. Nxh4 Bd7 21.
Rfe1 Qa5 22. Bxb7 Rab8 23. Qa6 Qxa6 24. Bxa6 Nd5 25. Bc4 Bc6 26. Nf3 Rfc8 27.
Ne5 Ba4 28. b3 Bb5 29. Bxd5 exd5 30. Bf4 Rb7 31. Rc1 Rbc7 32. Rxc7 Rxc7 33. a4
Ba6 34. Nd3 Rc6 35. Nb4 Rb6 36. Nxa6 Rxa6 37. Re8+ Kh7 38. Be5 Rb6 39. Rd8 Rxb3
40. Rxd5 Kg6 41. Rd6+ f6 42. Ra6 h5 43. Bf4 Rb7 44. d5 Rd7 45. Kg2 Rxd5 46.
Rxa7 Bh6 47. Bc7 Bf8 48. Bb6 Bb4 49. Be3 Bd2 50. Re7 Bc3 51. Re4 Ba5 52. Rc4
Rd3 53. Kf3 Ra3 54. Ke4 Ra2 55. Kd5 Be1 56. Kc6 f5 57. Kb5 Rb2+ 58. Ka6 Bxf2
59. Rc6+ Kg7 60. Bxf2 Rxf2 61. a5 f4 62. gxf4 h4 63. Kb7 h3 64. Rc3 h2 65. Rh3
Rb2+ 1/2-1/2

[Event "4NCL Division 1a"]
[Site "Daventry, ENG"]
[Date "2019.01.12"]
[Round "3.27"]
[White "McDonald, Neil"]
[Black "Shafi, Declan"]
[Result "1/2-1/2"]
[WhiteElo "2411"]
[BlackElo "2125"]
[PlyCount "75"]
[EventDate "2019.01.12"]
[WhiteTeam "Wood Green"]
[BlackTeam "Alba"]

1. e4 e5 2. Nf3 Nc6 3. Bb5 a6 4. Ba4 Nf6 5. d3 d6 6. c3 g6 7. O-O Bg7 8. Nbd2
O-O 9. Re1 b5 10. Bc2 Bb7 11. d4 Re8 12. d5 Ne7 13. c4 c6 14. b3 Rc8 15. Bb2
Qb6 16. Bd3 cxd5 17. cxd5 Ng4 18. Qe2 f5 19. Ng5 Nf6 20. Qf3 fxe4 21. Qh3 Nexd5
22. Ndxe4 h6 23. Ne6 Nxe4 24. Bxe4 Ne7 25. Bd3 Bd5 26. Nxg7 Kxg7 27. Qg3 Kh7
28. Rxe5 dxe5 29. Qxe5 Nf5 30. Qxd5 Qe6 31. Qf3 Rcd8 32. Bf1 Qe4 33. Qc3 Rc8
34. Qf6 Qe6 35. Qxe6 Rxe6 36. g3 Rc2 37. Rb1 Nd6 38. a4 1/2-1/2

[Event "4NCL Division 1a"]
[Site "Daventry, ENG"]
[Date "2019.01.12"]
[Round "3.31"]
[White "Mueller, Constantin"]
[Black "Turner, Matthew J"]
[Result "0-1"]
[WhiteElo "2280"]
[BlackElo "2518"]
[PlyCount "48"]
[EventDate "2019.01.12"]
[WhiteTeam "North East England"]
[BlackTeam "Barbican 4NCL 1"]

1. d4 Nf6 2. c4 e6 3. g3 d5 4. Nf3 Be7 5. Bg2 O-O 6. O-O dxc4 7. Qc2 a6 8. a4
Nc6 9. Rd1 b5 10. e4 Bb7 11. Qe2 Na5 12. Nbd2 Qc8 13. e5 Nd5 14. Ne4 Nb3 15.
Rb1 h6 16. g4 Nxc1 17. Rbxc1 Nf4 18. Qe3 Nxg2 19. Kxg2 Qd7 20. Kg1 Rad8 21. h4
c5 22. Nf6+ Bxf6 23. exf6 Qd5 24. fxg7 Kxg7 0-1

[Event "4NCL Division 1a"]
[Site "Daventry, ENG"]
[Date "2019.01.12"]
[Round "3.32"]
[White "Merry, Alan B"]
[Black "Oyama, Akito"]
[Result "1/2-1/2"]
[WhiteElo "2434"]
[BlackElo "2198"]
[PlyCount "79"]
[EventDate "2019.01.12"]
[WhiteTeam "Barbican 4NCL 1"]
[BlackTeam "North East England"]

1. e4 c5 2. Nf3 Nc6 3. Bb5 e6 4. Bxc6 bxc6 5. d3 Ne7 6. Qe2 Ng6 7. h4 h5 8. e5
f6 9. Qe4 Kf7 10. Na3 Nxe5 11. Nxe5+ fxe5 12. Qxe5 d6 13. Qe2 d5 14. Bf4 Bd6
15. Bxd6 Qxd6 16. f4 c4 17. dxc4 Rb8 18. c3 Re8 19. Rf1 Kg8 20. O-O-O e5 21.
Qxh5 g6 22. c5 gxh5 23. cxd6 Bg4 24. Rde1 e4 25. Nc2 Rbd8 26. f5 Kf7 27. Ne3
Rg8 28. Rf4 Kf6 29. Kd2 Rxd6 30. Nxg4+ Rxg4 31. Rxg4 hxg4 32. Rf1 c5 33. Rf4 g3
34. Rg4 Kxf5 35. Rxg3 d4 36. cxd4 cxd4 37. Rg8 d3 38. Re8 Rg6 39. Rf8+ Ke5 40.
Re8+ 1/2-1/2

[Event "4NCL Division 1a"]
[Site "Daventry, ENG"]
[Date "2019.01.12"]
[Round "3.41"]
[White "Palliser, Richard J D"]
[Black "Rudd, Jack"]
[Result "1/2-1/2"]
[WhiteElo "2418"]
[BlackElo "2234"]
[PlyCount "89"]
[EventDate "2019.01.12"]
[WhiteTeam "White Rose 1"]
[BlackTeam "West is Best 1"]

1. d4 d5 2. Bf4 c5 3. e3 Nc6 4. c3 Nf6 5. Nd2 Bf5 6. Qb3 Qc8 7. Ngf3 c4 8. Qa4
a6 9. Be2 b5 10. Qd1 h6 11. Ne5 e6 12. O-O Be7 13. Bf3 O-O 14. Re1 Ne4 15. Bxe4
dxe4 16. a4 Qb7 17. Nxc6 Qxc6 18. b4 cxb3 19. Qxb3 Rfc8 20. Rec1 b4 21. c4 a5
22. c5 g5 23. Bg3 h5 24. Nc4 h4 25. Bd6 Bd8 26. Qd1 Kg7 27. h3 f6 28. Bh2 Bg6
29. Nd6 Rc7 30. Qe2 Qd5 31. Qb5 Re7 32. c6 Bc7 33. Qxd5 exd5 34. Rc5 Rd8 35.
Rxd5 Re6 36. Nf5+ Bxf5 37. Rxf5 Bxh2+ 38. Kxh2 Rxc6 39. Rxa5 Rc2 40. Rb1 Rxf2
41. Rxb4 Re2 42. Rb3 Rc8 43. Rc5 Ra8 44. a5 Ra2 45. Rbb5 1/2-1/2

[Event "4NCL Division 1a"]
[Site "Daventry, ENG"]
[Date "2019.01.12"]
[Round "3.42"]
[White "Cooper, John G"]
[Black "Alsina Leal, Daniel"]
[Result "0-1"]
[WhiteElo "2274"]
[BlackElo "2470"]
[PlyCount "80"]
[EventDate "2019.01.12"]
[WhiteTeam "West is Best 1"]
[BlackTeam "White Rose 1"]

1. c4 e5 2. Nc3 Bb4 3. e4 Bxc3 4. dxc3 d6 5. Bd3 Ne7 6. Ne2 O-O 7. Ng3 Nd7 8.
Bc2 a5 9. O-O Nc5 10. Be3 Be6 11. Qe2 Qc8 12. h3 b6 13. f4 exf4 14. Bxf4 Ng6
15. e5 dxe5 16. Bxe5 Bxc4 17. Qxc4 Nxe5 18. Qd4 Ng6 19. Nf5 Ne6 20. Qe4 Qe8 21.
Rae1 Qb5 22. Ne7+ Kh8 23. Rxf7 Rxf7 24. Qxa8+ Ngf8 25. Kh2 Qd7 26. Nf5 g6 27.
Ng3 c6 28. Bb3 Kg7 29. Qb8 Qc7 30. Qxc7 Rxc7 31. Rxe6 Nxe6 32. Bxe6 Re7 33. Bg4
Re1 34. Bf3 c5 35. Ne4 Ra1 36. Nd6 Rxa2 37. b3 Rb2 38. Bd5 Rd2 39. c4 Rd3 40.
Bc6 Rxd6 0-1

[Event "4NCL Division 1a"]
[Site "Daventry, ENG"]
[Date "2019.01.12"]
[Round "3.43"]
[White "Camacho Collados, Jose"]
[Black "Toczek, Grzegorz"]
[Result "1-0"]
[WhiteElo "2405"]
[BlackElo "2263"]
[PlyCount "171"]
[EventDate "2019.01.12"]
[WhiteTeam "White Rose 1"]
[BlackTeam "West is Best 1"]

1. g3 c5 2. Bg2 Nc6 3. c4 g6 4. Nc3 Bg7 5. e3 e5 6. Nge2 Nge7 7. a3 O-O 8. Rb1
a5 9. O-O d6 10. d3 Rb8 11. Qb3 Bd7 12. Nb5 Bf5 13. Rd1 Bg4 14. Re1 Bf5 15. Bd2
Qd7 16. Rbd1 Rfd8 17. d4 cxd4 18. exd4 a4 19. Qxa4 exd4 20. Bg5 Bg4 21. f3 Be6
22. Kh1 Ra8 23. Qc2 Rdc8 24. Nexd4 Nxd4 25. Nxd4 Rxc4 26. Qf2 Rac8 27. Nxe6
fxe6 28. Bxe7 Qxe7 29. Bh3 Rc2 30. Rd2 Rc1 31. Rde2 Kh8 32. Bxe6 Rxe1+ 33. Qxe1
Rf8 34. Bd5 Qg5 35. Qd2 Qf6 36. Bxb7 Rb8 37. Bd5 Qxb2 38. Qxb2 Bxb2 39. a4 Bc3
40. Re6 Bb4 41. Kg2 Rc8 42. Be4 Rd8 43. h4 d5 44. Bd3 Kg7 45. Rb6 Bc3 46. Rb7+
Kg8 47. h5 Ra8 48. hxg6 hxg6 49. Bxg6 Rxa4 50. Bf7+ Kf8 51. Bxd5 Be1 52. Rf7+
Ke8 53. Rf5 Ra1 54. Kh3 Bf2 55. Re5+ Kf8 56. Re2 Bd4 57. Kg4 Ra7 58. f4 Ra3 59.
Rc2 Ke7 60. Be4 Re3 61. Bf3 Ra3 62. Re2+ Kf8 63. Rd2 Bc5 64. Bc6 Rc3 65. Bd5
Ra3 66. Rg2 Kg7 67. Kf5 Ra5 68. Rd2 Bd6 69. Rd4 Bc5 70. Rd3 Bd6 71. Ke6 Bc7 72.
Bc4 Rc5 73. Rd7+ Kf8 74. Bd5 Rc3 75. Rf7+ Ke8 76. Rg7 Re3+ 77. Kf6 Bd8+ 78. Kf5
Be7 79. g4 Ra3 80. g5 Ra5 81. Ke5 Ra6 82. Bc4 Ra7 83. Rg8+ Bf8 84. Kf6 Rb7 85.
g6 Rb4 86. Rxf8+ 1-0

[Event "4NCL Division 1a"]
[Site "Daventry, ENG"]
[Date "2019.01.13"]
[Round "4.12"]
[White "Tan, Justin"]
[Black "Sadler, Matthew D"]
[Result "1/2-1/2"]
[WhiteElo "2502"]
[BlackElo "2693"]
[PlyCount "54"]
[EventDate "2019.01.13"]
[WhiteTeam "Wood Green"]
[BlackTeam "Guildford 1"]

1. d4 d5 2. c4 e6 3. Nc3 c6 4. cxd5 exd5 5. Nf3 Bf5 6. Bg5 Be7 7. Bxe7 Qxe7 8.
e3 Nf6 9. Bd3 Bxd3 10. Qxd3 Nbd7 11. O-O O-O 12. Nd2 Rfe8 13. Rab1 a5 14. Qc2
Nb6 15. Rfe1 g6 16. h3 Kg7 17. a3 Nc8 18. e4 dxe4 19. Ndxe4 Nd6 20. Nxf6 Qxf6
21. d5 c5 22. Na4 c4 23. Nb6 Rad8 24. Nxc4 Rxe1+ 25. Rxe1 Nxc4 26. Qxc4 Qxb2
27. a4 Qb4 1/2-1/2

[Event "4NCL Division 1a"]
[Site "Daventry, ENG"]
[Date "2019.01.13"]
[Round "4.13"]
[White "Jones, Gawain C B"]
[Black "Fernandez, Daniel Howard"]
[Result "1/2-1/2"]
[WhiteElo "2691"]
[BlackElo "2465"]
[PlyCount "124"]
[EventDate "2019.01.13"]
[WhiteTeam "Guildford 1"]
[BlackTeam "Wood Green"]

1. e4 c6 2. d4 d5 3. e5 Bf5 4. h4 h5 5. Bd3 Bxd3 6. Qxd3 e6 7. Bg5 Qb6 8. Nd2
Ne7 9. Ngf3 Qa6 10. c4 Nf5 11. O-O Bb4 12. b3 Nd7 13. Rfd1 O-O 14. a3 Bxd2 15.
Rxd2 Nb6 16. c5 Qxd3 17. Rxd3 Nd7 18. b4 b6 19. Rc1 Rfc8 20. Bd2 f6 21. Re1 Kf7
22. g3 bxc5 23. bxc5 Rcb8 24. Bf4 Rb2 25. Rdd1 Rb3 26. Kg2 a5 27. a4 Ra7 28.
Re2 Rab7 29. Ra2 Rc3 30. Raa1 Rbb3 31. Nd2 Rb2 32. exf6 gxf6 33. Nf3 Rbb3 34.
Nd2 Rb4 35. Nf3 Rcc4 36. Rab1 Kg6 37. Bd6 Rxb1 38. Rxb1 Nxd4 39. Nxd4 Rxd4 40.
Rb6 Ne5 41. Bxe5 fxe5 42. Rxc6 Kf6 43. Ra6 Rxa4 44. f3 d4 45. Ra7 Ra2+ 46. Kf1
Ra3 47. Kf2 e4 48. fxe4 Ke5 49. g4 hxg4 50. h5 Rf3+ 51. Kg2 Kxe4 52. c6 Rc3 53.
Rc7 d3 54. h6 d2 55. Rd7 Rxc6 56. h7 Rc8 57. Rxd2 Rh8 58. Rd7 Kf5 59. Kg3 a4
60. Rf7+ Ke5 61. Kxg4 a3 62. Ra7 a2 1/2-1/2